Statistiques concernant Pays par frontières n°2

Cliquez ici pour prendre le quiz!

Statistiques générales

  • Ce quiz a été pris 4,298 fois
  • Le résultat moyen est 16 sur 20

Statistiques - réponses

frontières terrestres pays % Correct
États UnisCanada
99%
France, Allemagne, Luxembourg, Pays-BasBelgique
94%
IrlandeRoyaume-Uni
92%
Norvège, Suède, RussieFinlande
89%
FranceMonaco
84%
Colombie, PérouÉquateur
82%
Brésil, Suriname, VenezuelaGuyana
81%
Timor oriental, Malaisie,
Papouasie-Nouvelle-Guinée
Indonésie
81%
Arabie Saoudite, Yémen,
Emirats Arabes Unis
Oman
80%
Autriche, SuisseLiechtenstein
80%
Afrique du SudLesotho
79%
Laos, Thaïlande, VietnamCambodge
79%
HaïtiRépublique dominicaine
78%
Israël, SyrieLiban
76%
Arabie SaouditeQatar
76%
Afghanistan, Chine, Inde, IranPakistan
76%
Arménie, Azerbaïdjan, Russie, TurquieGéorgie
73%
Guatemala, MexiqueBelize
71%
Djibouti, Ethiopie, SoudanÉrythrée
71%
MalaisieBrunei
58%

Distribution des résultats

Percentile par nombre de réponses

% des personnes avec chaque résultat

Votre développement - résultats

Vous n’avez pas pris ce quiz